| 000 | 00417 a2200169 4500 | ||
|---|---|---|---|
| 999 |
_c317581 _d317581 |
||
| 001 | 82508 | ||
| 003 | NUST | ||
| 005 | 20180119193428.0 | ||
| 008 | 180119b xxu||||| |||| 00| 0 eng d | ||
| 020 | _a9780080427850 | ||
| 082 | _a388/DAG | ||
| 100 |
_aCarlos F. Daganzo _99145 |
||
| 245 |
_aFundamentals of Transportation and Traffic Operations _hEnglish |
||
| 250 | _aIst | ||
| 260 |
_aUK _bEmerald _c1997 |
||
| 300 | _axv + 339 | ||
| 500 | _aReference book | ||
| 518 | _a09-09-2011 | ||
| 942 |
_acae nust _cBK _k388/DAG _2ddc |
||